Normal view
MARC view
Entry Topical Term
001 - CONTROL NUMBER
- control field: 9969
003 - CONTROL NUMBER IDENTIFIER
- control field: ARRUPE
005 - DATE AND TIME OF LATEST TRANSACTION
- control field: 20140423143813.0
008 - FIXED-LENGTH DATA ELEMENTS
- fixed length control field: 140423|| aca||aabn | a|a d
040 ## - CATALOGING SOURCE
- Original cataloging agency: ARRUPE
- Transcribing agency: ARRUPE
150 ## - HEADING--TOPICAL TERM
- Topical term or geographic name as entry element: jesus Christ
- General subdivision: Person
- General subdivision: Summa theologica
670 ## - SOURCE DATA FOUND
- Source citation: Work cat.: (ARRUPE): Garrigou-Langrange, Reginald 9967, Christ the savior, 2012